Sports Quiz

Random Sports or Board Games Quiz

Sports at the Asian Games Quiz Stats

 Plays Quiz not verified by Sporcle

Challenge
Share
Tweet
Embed
Score 0/57 Timer 08:00
0 Plays Today
Years Played Sport % Correct
1951 onwardsFootball
89.2%
1951 onwardsSwimming
84.6%
1958 - 1966, 1974 onwardsTennis
76.9%
1951 onwardsBasketball
75.4%
1958 - 1966, 1974 onwardsTable Tennis
75.4%
1994 onwardsBaseball
72.3%
1998 onwardsBeach Volleyball
67.7%
1962 onwardsBadminton
66.2%
1986 onwardsJudo
66.2%
1994 onwardsKarate
66.2%
1954 onwardsWrestling
61.5%
1954 onwardsBoxing
60%
1974 onwardsArtistic Gymnastics
60%
1994 onwardsRhythmic Gymnastics
60%
1958 onwardsHockey
58.5%
2010Cricket
55.4%
1951 onwardsDiving
52.3%
1978 onwardsArchery
52.3%
1951 onwardsAthletics
52.3%
1954 onwardsShooting
52.3%
1998 onwardsRugby Union
50.8%
1982 onwardsHandball
49.2%
1990 onwardsSoftball
49.2%
1986, 1994 onwardsTaekwondo
49.2%
1951 onwardsWater Polo
47.7%
1982 onwardsGolf
46.2%
1951, 1958 onwardsRoad Cycling
44.6%
1951, 1958, 1966 onwardsTrack Cycling
44.6%
1982 onwardsRowing
44.6%
Years Played Sport % Correct
1951 - 1958, 1966 onwardsWeightlifting
44.6%
1974, 1978, 1986 onwardsFencing
41.5%
1978, 1986, 1994 onwardsBowling
40%
1990 onwardsWushu
40%
2006 onwardsChess
38.5%
1982, 1986, 1994 onwardsEquestrian
36.9%
2010Slalom Canoeing
35.4%
1990 onwardsSprint Canoeing
35.4%
1998 onwardsCue Sports
35.4%
1998 onwardsSquash
33.8%
1970, 1978 onwardsSailing
32.3%
1990 onwardsKabaddi
29.2%
1990 onwardsSepaktakraw
29.2%
1994 onwardsSynchronized Swimming
26.2%
2010Dragon Boat
26.2%
2006 onwardsTriathlon
26.2%
2010Dancesport
15.4%
1994, 2002, 2010Modern Pentathlon
15.4%
2010BMX Racing
13.8%
2006 onwardsTrampoline
10.8%
2010 Xiangqi
9.2%
2002 - 2006Bodybuilding
9.2%
1994 onwardsSoft Tennis
9.2%
2010 Weiqi
7.7%
1998, 2002, 2010Mountain Biking
6.2%
2010Artistic Roller Skating
3.1%
2010Roller Speed Skating
3.1%
1958 onwardsVollyball
3.1%

You're not logged in!

Compare scores with friends on all Sporcle quizzes.
Join for Free
OR
Log In

You Might Also Like...

Show Comments

Extras

Top Quizzes Today


Score Distribution

Your Account Isn't Verified!

In order to create a playlist on Sporcle, you need to verify the email address you used during registration. Go to your Sporcle Settings to finish the process.

Report this User

Report this user for behavior that violates our Community Guidelines.

Details: